000 00307nam a2200121Ia 4500
008 220204s9999 xx 000 0 und d
082 _a067.02
_bANS
100 _aAnsley, Arthur C
245 0 _aManufacturing methods and processes
250 _aRev ed
260 _aPhiladelphia
_bChilton
_c1957
942 _cBK
999 _c23893
_d23893